|
|
|
|
| LEADER |
00000nas a2200000 a 4500 |
| 001 |
ssj0012579 |
| 003 |
WaSeSS |
| 005 |
20200512172242.0 |
| 006 |
m d |
| 007 |
cr n |
| 008 |
750901c19469999ohumr p s 0 a0eng c |
| 010 |
|
|
|a 50037225
|
| 022 |
|
|
|l 0018-165X
|y 0018-165X
|
| 032 |
|
|
|a 244600
|b USPS
|
| 035 |
|
|
|a (WaSeSS)ssj0012579
|
| 040 |
|
|
|a MUL
|b eng
|c MUL
|d OCL
|d MUL
|d NSD
|d AIP
|d OCL
|d NSD
|d OCL
|d DLC
|d NST
|d OCLCQ
|d DLC
|d IUL
|d OCL
|d NSD
|d NYP
|d OCLCQ
|d OCLCF
|d COD
|d T3H
|d OCLCO
|d LTP
|d OCL
|d PX0
|d LIP
|d LNC
|d BRL
|d OCLCQ
|d BOS
|d BVI
|d OCLCO
|d KE7
|d DIO
|d NZ1
|d OCLCO
|d ZAS
|d OCLCO
|d DZI
|d JX9
|d ZQP
|d OCLCO
|d MUO
|d WaSeSS
|
| 042 |
|
|
|a pcc
|a nsdp
|
| 050 |
0 |
0 |
|a AP201
|b .H45
|
| 060 |
|
4 |
|a Highlights for children
|
| 082 |
0 |
4 |
|a 051
|2 19
|
| 210 |
0 |
|
|a Highlights child.
|
| 222 |
|
0 |
|a Highlights for children
|
| 245 |
0 |
0 |
|a Highlights for children
|h [electronic resource].
|
| 246 |
1 |
|
|i Issues for May 2006- called:
|a Highlights
|
| 260 |
|
|
|a [Columbus, Ohio] :
|b [Highlights for Children],
|c [©1946]-
|
| 310 |
|
|
|a Monthly,
|b <1996->
|
| 321 |
|
|
|a Monthly (except bimonthly June-July, Aug./Sept. and semimonthly in Dec.)
|
| 362 |
0 |
|
|a [Vol. 1, no. 1] (June 1946)-
|
| 500 |
|
|
|a Title from cover.
|
| 500 |
|
|
|a Includes music.
|
| 500 |
|
|
|a Editor: June 1946- G.C. Myers.
|
| 506 |
|
|
|a License restrictions may limit access.
|
| 515 |
|
|
|a <Vol. 34, no. 2 (March 1979)-> also called <issue no. 344->
|
| 588 |
|
|
|a Latest issue consulted: Vol. 69, no. 2 (Feb. 2014) = Issue no. 748.
|
| 650 |
|
0 |
|a Children's literature
|v Periodicals.
|
| 650 |
|
0 |
|a Creative activities and seat work
|v Periodicals.
|
| 650 |
|
7 |
|a Children's literature.
|2 fast
|0 (OCoLC)fst01759351
|
| 650 |
|
7 |
|a Creative activities and seat work.
|2 fast
|0 (OCoLC)fst00882463
|
| 655 |
|
0 |
|a Electronic journals.
|
| 700 |
1 |
|
|a Myers, Garry Cleveland,
|d 1884-1971.
|
| 780 |
0 |
5 |
|t Children's activities
|g Oct. 1960
|w (OCoLC)13075039
|
| 850 |
|
|
|a CoU
|a DLC
|
| 856 |
4 |
0 |
|z Full text available from Research Library: 01/01/1997 to present
|u https://search.proquest.com/publication/36440
|